Obálka Náhled e-knihy:
PDF Epub
Pro půjčování e-knih musíte být přihlášeni.
Jak si půjčit online?

Ochráním tě /

Detektivní román oblíbeného skotského autora nás opět zavádí na tajemný ostrov Lewis, tentokrát v hlavní roli se Sylvií Braqueovou.

Uloženo v:
Série:Ostrov Lewis, část 4
Hlavní autor: May, Peter, 1951 prosinec 20.- (Autor)
Další autoři: Drlík, Filip, 1986- (Autor)
Médium: E-kniha
Jazyk:Czech
Vydáno: Brno : Host, 2019
Vydání:První vydání
Témata:
Příbuzné jednotky:Z cyklu:: Ostrov Lewis
Tagy:
Žádné tagy
LEADER 02780nam a2200457 i 4500
001 311019
003 CZ PrSKC
005 20260601215658.0
007 ta
008 190401s2019 xr g 000 f cze
015 |a cnb003085485 
020 |a 9788075778000  |q (vázáno) 
035 |a (OCoLC)1104144369 
040 |a OLA001  |b cze  |e rda 
041 1 |a cze  |h eng 
072 7 |a 821.111-3  |x Anglická próza, anglicky psaná  |2 Konspekt 
080 |a 821.111(410.5)-31  |2 MRF 
080 |a (0:82-312.4)  |2 MRF 
100 1 |a May, Peter,  |d 1951 prosinec 20.-  |7 xx0168302  |4 aut 
240 1 0 |a I'll keep you safe.  |l Česky 
245 1 0 |a Ochráním tě /  |c Peter May ; z anglického originálu I'll keep you safe ... přeložil Filip Drlík 
250 |a První vydání 
264 1 |a Brno :  |b Host,  |c 2019 
300 |a 412 stran ;  |c 21 cm 
336 |a text  |b txt  |2 rdacontent 
337 |a bez média  |b n  |2 rdamedia 
338 |a svazek  |b nc  |2 rdacarrier 
520 2 |a Detektivní román oblíbeného skotského autora nás opět zavádí na tajemný ostrov Lewis, tentokrát v hlavní roli se Sylvií Braqueovou.  |b Pro manžele Macfarlaneovi to měl být příjemný výlet do Paříže, při němž také zrealizují některé obchodní zájmy ohledně své luxusní oděvní značky Ranish Tweed. Vše je však nakonec jinak, Ruairidh umírá při výbuchu, Niamh zjišťuje, že měl dlouho milenku a vyšetřovatelé v čele se Sylvií se snaží zjistit, jaký byl motiv útoku. Niamh se snaží vyrovnat s nově nastalou situací, vrací se na ostrov Lewis, hledá důvody manželova chování a jeho smrti, a také se utápí ve šťastných i nešťastnýách vzpomínkách na společný život. Kdo měl důvod k takto brutálnímu činu? Vyšetřovatelé sledují řadu podezřelých a pokouší se zjistit, zda motivem činu byl obchod, osobní rozbroje nebo tajemství skrytá hluboko v minulosti. 
655 7 |a skotské romány (anglicky)  |7 fd133439  |2 czenas 
655 7 |a detektivní romány  |7 fd132010  |2 czenas 
655 7 |a thrillery (romány)  |7 fd184206  |2 czenas 
655 9 |a Scottish fiction (English)  |2 eczenas 
655 9 |a detective novels  |2 eczenas 
655 9 |a thrillers (novels)  |2 eczenas 
700 1 |a Drlík, Filip,  |d 1986-  |7 xx0164666  |4 trl 
787 0 8 |i Z cyklu:  |t Ostrov Lewis  |g 4 
900 |a ABA001  |b 20 
044 |a xr 
910 |a RBIT002 
998 |d 184227  |a https://core.palmknihy.cz/api/books/184227/cover?pokfn8  |b https://core.palmknihy.cz/api/books/184227/cover/400?pokfn8  |c https://core.palmknihy.cz/api/books/184227/cover/50?pokfn8  |e 2027-11-09  |g 415  |i 9788075778000  |j https://core.palmknihy.cz/api/books/184227/preview.epub  |k https://core.palmknihy.cz/api/books/184227/preview.pdf  |l   |q 49  |r 1  |s https://www.palmknihy.cz/kniha/184227  |t ebook  |y 2019  |z 0 
999 |d 311017